00277nam a2200133Ia 45000030006000000080041000060400015000471000021000622450012000832500010000952600009001055460012001140050017001260STCL150530s9999 xx 000 0 und d aSTCLcSTCL aHungerford, T.W. aAlgebra aFirst c1974 aEnglish20220125165927.0